000 00556nam a2200157 4500
020 _a978-607-7620-59-4
050 _aHF5626.N67 C755 2011
082 _a658.15 C755n
110 _aCINIF
245 _aNormas de información financiera (NIF) Incluye boletines y circulares de la comisión de principios de contabilidad del IMCP / CINF, IMCP
250 _a6 / reimp. 2011
260 _aMéxico : CINIF, IMCP
300 _axvii, p g. varia / 24 cm.
650 _a1. ESTADOS FINANCIEROS-NORMAS MÉXICO / 2. CONTABILIDAD-NORMAS MÉXICO
700 _aI. IMCP
999 _c26970
_d26970